| 000 | 01093nam a22002537a 4500 | ||
|---|---|---|---|
| 005 | 20170512102353.0 | ||
| 010 | _a1617EN | ||
| 020 |
_a9788172739232 (v. 1) _c900.00 |
||
| 035 | _aB-647487-490 | ||
| 035 | _aB-666081 | ||
| 037 |
_bVarety _adpl |
||
| 082 | _a954 | ||
| 245 | 1 | 0 |
_aCultures of the indigenous : _bIndia and beyond / _cedited by Prem Kumari Srivastava [and] Gitanjali Chawla |
| 260 |
_aNew Delhi _bAuthors Press _c2014 |
||
| 270 |
_aQ-2A, Hauz Khas Enclave _bNew Delhi _e110016 |
||
| 300 |
_a257p.: _billustrations ; _c23cm(Hb) |
||
| 504 | _aIncludes bibliographical references. | ||
| 650 | 0 | _v. | |
| 700 | 1 | _aSrivastava, Prem Kumari, | |
| 700 | 1 | _aChawla, Gitanjali, | |
| 942 |
_2ddc _cEN _h954 _mCUL |
||
| 999 |
_c102523 _d102523 |
||